000
00330nam a22001457a 4500
020
_a
9788177543155
082
_a
621.0423 VIJ/FU
100
_a
Vijayalakshmi G S
100
_a
Meena Devi V N
100
_a
Nagendra Prasad P
245
_a
Fuels and Biofuels
260
_a
Jodhpur
_b
Agrobios
_c
2012
300
_a
274
942
_c
BK
999
_c
13861
_d
13861